| 000 | 00000nam 2200000za 4500 |
| 001 | 9.838030 |
| 003 | CaOODSP |
| 005 | 20221107151300 |
| 007 | cr ||||||||||| |
| 008 | 170609s1984 onc #os f00| 0 eng d |
| 040 | |aCaOODSP|beng |
| 041 | |aeng|afre |
| 043 | |an-cn--- |
| 086 | 1 |aCS93-925/1981-PDF |
| 086 | 1 |aCS93-926/1981-PDF |
| 086 | 1 |aCS93-927/1981-PDF |
| 086 | 1 |aCS93-928/1981-PDF |
| 086 | 1 |aCS93-929/1981-PDF |
| 086 | 1 |aCS93-930/1981-PDF |
| 086 | 1 |aCS93-931/1981-PDF |
| 086 | 1 |aCS93-932/1981-PDF |
| 086 | 1 |aCS93-933/1981-PDF |
| 086 | 1 |aCS93-934/1981-PDF |
| 245 | 00|a1981 Census of Canada |h[electronic resource] : |bvolume 2 - provincial series : population; language, ethnic origin, religion, place of birth, schooling = Recensement du Canada de 1981 : volume 2 - série provinciale : population; langue, origine ethnique, religion, lieu de naissance, scolarité. |
| 246 | 11|aRecensement du Canada de 1981 : |bvolume 2 - série provinciale : population; langue, origine ethnique, religion, lieu de naissance, scolarité |
| 260 | |aOttawa : |bStatistics Canada = Statistique Canada, |c1984. |
| 300 | |a10 v. |
| 500 | |aDigitized edition from print [produced by Statistics Canada]. |
| 500 | |aChiefly tables. |
| 500 | |aCover title. |
| 505 | 0 |a93-925. Newfoundland -- 93-926. Prince Edward Island -- 93-927. Nova Scotia -- 93-928. New Brunswick -- 93-929. Québec -- 93-930. Ontario -- 93-931. Manitoba -- 93-932. Saskatchewan -- 93-933. Alberta -- 93-934. British Columbia. |
| 546 | |aText in English and French. |
| 692 | 07|2gccst|aCensus |
| 692 | 07|2gccst|aPopulation |
| 710 | 2 |aStatistics Canada. |
| 792 | |t1981 Census of Canada |efre|w(CaOODSP)9.838036 |
| 856 | 40|qPDF|s4.04 MB|uhttps://publications.gc.ca/collections/collection_2017/statcan/CS93-925-1981.pdf|zNewfoundland |
| 856 | 40|qPDF|s3.80 MB|uhttps://publications.gc.ca/collections/collection_2017/statcan/CS93-926-1981.pdf|zPrince Edward Island |
| 856 | 40|qPDF|s4.91 MB|uhttps://publications.gc.ca/collections/collection_2017/statcan/CS93-927-1981.pdf|zNova Scotia |
| 856 | 40|qPDF|s5.04 MB|uhttps://publications.gc.ca/collections/collection_2017/statcan/CS93-928-1981.pdf|zNew Brunswick |
| 856 | 40|qPDF|s14.14 MB|uhttps://publications.gc.ca/collections/collection_2017/statcan/CS93-929-1981.pdf|zQuébec |
| 856 | 40|qPDF|s22.65 MB|uhttps://publications.gc.ca/collections/collection_2017/statcan/CS93-930-1981.pdf|zOntario |
| 856 | 40|qPDF|s5.14 MB|uhttps://publications.gc.ca/collections/collection_2017/statcan/CS93-931-1981.pdf|zManitoba |
| 856 | 40|qPDF|s5.18 MB|uhttps://publications.gc.ca/collections/collection_2017/statcan/CS93-932-1981.pdf|zSaskatchewan |
| 856 | 40|qPDF|s6.70 MB|uhttps://publications.gc.ca/collections/collection_2017/statcan/CS93-933-1981.pdf|zAlberta |
| 856 | 40|qPDF|s9.89 MB|uhttps://publications.gc.ca/collections/collection_2017/statcan/CS93-934-1981.pdf|zBritish Columbia |